Normal view
MARC view
- Kalsoom, Tooba (402917)
Entry Personal Name
001 - CONTROL NUMBER
- control field: 132351
003 - CONTROL NUMBER IDENTIFIER
- control field: NUST
005 - DATE AND TIME OF LATEST TRANSACTION
- control field: 20251217102929.0
008 - FIXED-LENGTH DATA ELEMENTS
- fixed length control field: 251217|| aca||aabn | a|a d
040 ## - CATALOGING SOURCE
- Original cataloging agency: NUST
- Transcribing agency: NUST
100 ## - HEADING--PERSONAL NAME
- Personal name: Kalsoom, Tooba (402917)
670 ## - SOURCE DATA FOUND
- Source citation: Work cat.: (NUST): Kalsoom, Tooba (402917), Dual Vapor Deposited W2N/WC/CNTs Composite as Efficient Electrode Material for Pseudocapacitor Applications /
